| Поле | Название | Значение |
| |
Тип записи |
a |
| |
Библиографический уровень |
m |
| 001 |
Контрольный номер |
SKBR/46255611-3657-4f26-8e4a-0f74a7fa585e |
| 005 |
Дата корректировки |
20260515115302.3 |
| 010 |
Индекс ISBN |
__ |
| a |
ISBN |
978-5-08-007460-8 |
| d |
Цена |
450.00 р. |
| 035 |
Другие системные номера |
__ |
| a |
Идентификатор записи |
RU/Оренбургская ОПДБ/KNIGI/84(2Рос=Рус)6/М 21-727158366 |
| 100 |
Данные общей обработки |
__ |
| a |
Данные общей обработки |
20250919d2025 cc y0rusy0250 |
| 101 |
Язык документа |
0_ |
| a |
Язык текста |
rus |
| 102 |
Страна публикации |
__ |
| a |
Страна публикации |
RU |
| 105 |
Кодированные данные (монография) |
__ |
| a |
Кодированные данные (монография) |
a z 000ay |
| 181 |
Поле кодированных данных: вид содержания |
_0 |
| a |
Код вида содержания (ISBD) |
i |
| 182 |
Поле кодированных данных: тип средства |
_0 |
| a |
Код типа средства (ISBD) |
n |
| 200 |
Заглавие и сведения об ответственности |
1_ |
| a |
Заглавие |
Офелия ведет расследование. Три приметы королевского наследника |
| e |
Сведения, относящиеся к заглавию |
[для младшего школьного возраста] |
| f |
Первые сведения об ответственности |
Г. А. Мальцева |
| g |
Последующие сведения об ответственности |
иллюстрации Е. Путиловой |
| 203 |
Вид содержания и тип средства |
__ |
| c |
Тип средства |
непосредственный |
| a |
Вид содержания |
Текст |
| 210 |
Выходные данные |
1_ |
| a |
Место издания |
Москва |
| c |
Издательство |
Детская литература |
| d |
Дата издания |
2025 |
| 215 |
Физическое описание |
__ |
| a |
Объем |
60, [3] с. |
| c |
Иллюстрации/тип воспроизводства |
цв. ил. |
| 225 |
Серия |
2_ |
| a |
Серия |
Хрюкающий детектив |
| 330 |
Аннотация |
__ |
| a |
Аннотация |
Детективные истории просто преследуют отважную свинку Офелию! Новый год на носу… Или даже на пятачке! А на ферме совершено коварное преступление. С наступлением весны Офелия оказывается в центре важного государственного дела — поиска королевского наследника! Раскрыть запутанные дела юной сыщице вновь помогает мудрый наставник — гусь Гамлет. |
| 333 |
Примечание о целевом назначении |
__ |
| a |
Примечание о целевом назначении |
информационная продукция для детей, достигших возраста шести лет |
| 333 |
Примечание о целевом назначении |
__ |
| a |
Примечание о целевом назначении |
для детей младшего возраста, 5-10 лет |
| 333 |
Примечание о целевом назначении |
__ |
| a |
Примечание о целевом назначении |
Для учащихся 1-4 классов |
| 512 |
Заглавие обложки |
1_ |
| a |
Заглавие обложки |
Три приметы королевского наследника. Офелия ведет расследование |
| 606 |
Тематические рубрики |
__ |
| a |
Основная рубрика |
Художественная литература |
| x |
Основная подрубрика |
Русская литература |
| z |
Хронологическая подрубрика |
XXI в. |
| 610 |
Ключевые слова |
1_ |
| a |
Ключевые слова |
детективы |
| 610 |
Ключевые слова |
1_ |
| a |
Ключевые слова |
сыщики |
| 610 |
Ключевые слова |
1_ |
| a |
Ключевые слова |
поросята |
| 610 |
Ключевые слова |
1_ |
| a |
Ключевые слова |
новый год |
| 686 |
Индексы других классификаций |
__ |
| 2 |
Код системы |
rubbk |
| a |
Классификационный индекс |
84(2Рос=Рус)6 |
| 686 |
Индексы других классификаций |
__ |
| 2 |
Код системы |
rugasnti |
| a |
Классификационный индекс |
17.82.31 |
| 700 |
Автор |
_1 |
| a |
Фамилия |
Мальцева |
| b |
Имя |
Г. А. |
| g |
Полное личное имя |
Галина Анатольевна |
| 4 |
Код отношения |
070 |
| 702 |
Вторичная интеллектуальная ответственность |
_1 |
| a |
Фамилия |
Путилова |
| b |
Имя |
Е. |
| g |
Полное личное имя |
Екатерина |
| 4 |
Код отношения |
440 |
| 801 |
Источник записи |
_0 |
| b |
Организация |
Оренбургская ОПДБ |
| a |
Страна |
RU |
| c |
Дата составления |
20250919 |
| 801 |
Источник записи |
_1 |
| b |
Организация |
Оренбургская ОПДБ |
| a |
Страна |
RU |
| c |
Дата составления |
20250925 |
| 901 |
Тип документа |
__ |
| a |
Ответственный |
заим. |